000 00237 a2200097 4500
001 31458
100 _aBobola, Daniel
245 _aThe Complete Idiot's Guide to Microsoft 2000
260 _aNew Delhi
_bPHI
_c1999
090 _c21342
_d21342
942 _aNUST-CAE
_cM
_c12606
999 _c266531
_d266531